00726 2200193 4500245010100000020002300101250001100124700001600135700001800151700001800169650003600187005001900223260003300242041001400275084000800289500019000297490003600487336000900523 aSejarah Dunia Volume 4 (Revolusi Dan Kemerdekaan, Unifikasi, dan Kolonisasi)cY. AgustonohText a978-979-3535-418-8 aCet. 2 aY. Agustono aReny Abarwati aNino Oktorino aEnsiklopedia Sejarah Dan Budaya a20231124095514 aJakartabLENTERA ABADIc2009 aIndonesia a903 aDaftar Isi : Revolusi Dan Kemerdekaan ( Sekilas Dunia, Austria Dan Prusia, Skotlandia: Kaum Akobit ) Dan Unifikasi Dan Kolonisasi ( Sekilas Dunia, Revolusi Industri, Texas Dan Meksiko ) aEnsiklopedia Sejarah Dan Budaya atext